Jaké jsou návyky spotřebitelů?

Využitie etnografie v spotrebiteľskom výskume. Potreba porozumieť kultúre, jazyku, zvykom a rituálom spotrebiteľa. Pozorovanie správania spotrebiteľa. Etnografia ako krok k strategickému plánovaniu a positioningu výrobku a značiek. Etnografia umožňuje marketérom porozumieť potrebám a túžbam zákazník...

Ausführliche Beschreibung

Gespeichert in:
Bibliographische Detailangaben
1. Verfasser: Schusterová, Nicol
Format: Buchkapitel
Sprache:Tschechisch
Schlagworte:
Tags: Tag hinzufügen
Keine Tags, Fügen Sie das erste Tag hinzu!

MARC

LEADER 00000naa$a2200000$$$4500
001 0066248
005 20231018130707.9
041 0 |a cze 
044 |a CZ 
245 1 0 |a Jaké jsou návyky spotřebitelů?  |c Nicol Schusterová 
520 |a Využitie etnografie v spotrebiteľskom výskume. Potreba porozumieť kultúre, jazyku, zvykom a rituálom spotrebiteľa. Pozorovanie správania spotrebiteľa. Etnografia ako krok k strategickému plánovaniu a positioningu výrobku a značiek. Etnografia umožňuje marketérom porozumieť potrebám a túžbam zákazníkov a tým vytvoriť niečo, čo odlíši ich produkt od konkurencie. 
610 2 0 |a spotrebitelia 
610 2 0 |a zákazníci 
610 2 0 |a výskum trhu 
610 2 0 |a správanie 
610 2 0 |a nákup 
610 2 0 |a produkty 
610 2 0 |a etnografia 
610 2 0 |a marketing 
100 1 |a Schusterová, Nicol